Vi điện tử số

Na minha lista:
Detalhes bibliográficos
Autor principal: Nguyễn Quốc Trung
Formato: Livro
Idioma:Undetermined
Publicado em: Hà Nội KHKT 1997
Assuntos:
Tags: Adicionar Tag
Sem tags, seja o primeiro a adicionar uma tag!
Thư viện lưu trữ: Trung tâm Học liệu Trường Đại học Cần Thơ
LEADER 00461nam a2200169Ia 4500
001 CTU_21970
008 210402s9999 xx 000 0 und d
082 |a 621.381 
082 |b Tr513 
100 |a Nguyễn Quốc Trung 
245 0 |a Vi điện tử số 
245 0 |c Nguyễn Quốc Trung 
260 |a Hà Nội 
260 |b KHKT 
260 |c 1997 
650 |a microelectronics 
980 |a Trung tâm Học liệu Trường Đại học Cần Thơ